000 00497nam a2200205Ia 4500
005 20240823014908.0
008 240823s9999||||xx |||||||||||||| ||und||
020 _a81-203-2182-0
041 _aENGLISH
082 _A658.8 P3
100 _aSatish K Kapoor
245 0 _aBasics of Distribution Management
250 _a1st
260 _c2003
_b"PHI,New D"
500 _aTRANSFERED
650 _aManagement
_bManagement Studies
700 _a Purva Kansal
942 _cBK
999 _c171162
_d171162